<?xml version="1.0" encoding="UTF-8"?>
<marc:record xmlns:marc="http://www.loc.gov/MARC21/slim">
   <marc:leader>00000nam a2200000 a 4500</marc:leader>
   <marc:datafield ind1="0" ind2="0" tag="245">
      <marc:subfield code="a">Die kleine Schusselhexe</marc:subfield>
   </marc:datafield>
   <marc:datafield ind1=" " ind2="1" tag="264">
      <marc:subfield code="b">Carl Hanser</marc:subfield>
      <marc:subfield code="c">2013</marc:subfield>
   </marc:datafield>
   <marc:datafield ind1="1" ind2=" " tag="520">
      <marc:subfield code="a">Die kleine Hexe kann sich die Zaubersprüche nicht richtig merken. So zaubert sie sich also ihr Häuschen schief, ihren Besen krumm, ihre Nase schön. Und als Begleittier hat sie keinen Raben, sondern einen blauen Hasen. Dafür muss sich die schusselige Kleine den Spott und das Gekicher der anderen Hexen gefallen lassen. Aber als eines Tages der streitsüchtige Riese kommt, ist die kleine Hexe im Vorteil. Zuerst hat der Riese sie übersehen und dann kann er sie nicht fangen, weil sie ihm auf dem krummen Besen stets entwischt. Die Schusselhexe soll den Koloss schrumpfen. Da ihr aber der korrekte Spruch nicht einfällt, zaubert sie ihn nicht klein, sondern froh. Damit ist der Riese mindestens genauso entwaffnet und einer Freundschaft steht nichts im Wege.
(Quelle: Verlagstext)</marc:subfield>
   </marc:datafield>
   <marc:datafield ind1=" " ind2=" " tag="020">
      <marc:subfield code="a">9783446241619</marc:subfield>
      <marc:subfield code="9">9783446241619</marc:subfield>
   </marc:datafield>
</marc:record>
